| 000 | 00694nam a2200229 u 4500 | ||
|---|---|---|---|
| 005 | 20240229063549.0 | ||
| 008 | 121015s2005 r 000 0 eng d | ||
| 020 | _a9789501117981 | ||
| 035 | _aUPN01000187530 | ||
| 049 | _aI | ||
| 050 | 4 |
_aPZ76.3 _bM3.74 |
|
| 100 | 1 |
_aMariño, Ricardo, _d1956- _930645 |
|
| 245 | 1 | 3 |
_aEl regreso de la pulga Lorena / _cRicardo Mariño ; il. Gustavo Mazali |
| 260 |
_aBuenos Aires : _bSigmar, _cc2005. |
||
| 300 |
_a15 p. : _bprincipalmente il. col. |
||
| 440 | 0 | _aCaracol | |
| 650 | 4 |
_aLiteratura infantil argentina _97511 |
|
| 650 | 0 |
_aAnimales _vCuentos y leyendas _9234 |
|
| 700 | 1 |
_aMazali, Gustavo, _eil. |
|
| 905 | _aInfantil | ||
| 999 |
_c159633 _d159633 |
||